00560nam a22001697a 450000500170000001000150001702000260003203500130005803700130007110000190008424501190010326000310022227000640025330000200031750000500033770000030038720130117141828.0 aENG-106616 a9788124117309c595.00 aEN-90149 bDBAD/PUB aKaur, Sarabjit aEconomic inequalities and political conflict :cby Sarabjit Kaurba study with reference to Pakistan and Nigeria / aNew DelhibHar-Anandc2013 aE-49/3, Okhla Industrial Area, Phase-II,bNew Delhie110020 a228p.c22cm(Hb) aIncludes bibliographical references and index